Koučing: múdro čeliť kríze

Kvality koučingu počas krízy v podniku. Efektívnosť koučingu. Koučing a originálne riešenia.

Salvato in:
Dettagli Bibliografici
Autore principale: Müllerová, Zuzana
Natura: Capitolo di libro
Lingua:slovacco
Soggetti:
Tags: Aggiungi Tag
Nessun Tag, puoi essere il primo ad aggiungerne!!

MARC

LEADER 00000naa$a2200000$$$4500
001 0096216
005 20230908072220.3
041 0 |a slo 
044 |a SK 
245 1 0 |a Koučing: múdro čeliť kríze  |c Zuzana Müllerová 
520 |a Kvality koučingu počas krízy v podniku. Efektívnosť koučingu. Koučing a originálne riešenia. 
610 2 0 |a koučovanie 
610 2 0 |a kríza podniku 
610 2 0 |a firmy 
610 2 0 |a riadenie ľudských zdrojov 
610 2 0 |a manažéri 
100 1 |a Müllerová, Zuzana